=LDR 00000nam 2200000 4500 =001 INLIS000000000026431 =005 20130612124855 =008 ***********************************Ind** =035 ##$$0010-061300000026431 =041 ##$$a Ind =082 ##$$a 540.7 =090 ##$$a 540.7, Sup f =100 ##$$a SUPARMO =245 ##$$a Fisika 2A untuk SMU kelas 2 Cawu I, Suparmo, Suwardo =260 ##$$a 2000 $b Surakarta =300 ##$$a vi, 135 hlm, 27 cm =650 ##$$a Fisika - Pendidikan dan Pengajaran =700 ##$$a SUWARDO =850 ##$$a NBPNMAT